Jeux Vidéo - Alphabet des jeux vidéo - Statistiques

Statistiques générales
  • Ce quiz a été pris 225 fois
  • Le résultat moyen est 17 sur 78
Statistiques - réponses
Lettre Indice Réponse % Correct
A Qui est donc cet imposteur ? Among Us
86%
Lame cachée et Botte de foin Assassin's Creed
71%
P "Attrapez les tous !" Pokemon
54%
B Quel plaisir ! Coincé entre un mur et une bombe ! Bomberman
53%
Le rêve américain ? Du Nuke Cola, et une bonne bombe nucléaire. Fallout
53%
Pan ! Pan ! Pan ! Non, vous n'avez besoin de rien d'autre. Sauf du mode multi Call of duty
52%
Après les grecs, ce sont les nordiques qui en prennent pour leur grade. God of War
50%
D "You died" Dark Souls
49%
R Qui aurait cru que le second opus d'un far-west pouvait être aussi couteux à produire ? Red Dead Redemption
49%
J Difficile de rester assis en jouant à ce jeu de rythme. Just Dance
47%
L Qui ne connaît pas la triforce ? The Legend of Zelda
45%
F RIP Aeris Final Fantasy
44%
Des courses de vitesse en pleine ville, en plein milieu de la populace. Need for Speed
44%
E "You died", par l'auteur de Game of Thrones Elden Ring
43%
Ce survival-Horror est sans doute le plus connu du genre. Resident Evil
40%
W Nul besoin d'indice tant sa renommée parmi les MMORPG est faite. World of Warcraft
40%
Après tant de "vice", le sixième enfant est une fille. Grand Theft Auto
38%
Blizzard aura cartonné avec le premier opus de ce jeu de tir. Le petit frère n'aura pas la même chance. Overwatch
38%
Quand Lara Croft a cessé son activité, il aura fallu quelqu'un pour la remplacer. Uncharted
37%
Ce joli classique d'empilement aura eu droit à son Battle Royal ! Tetris
36%
J'espère que vous aimez les tanks. World of Tanks
35%
Quand David Cage décide de provoquer une insurrection des IA. Detroit become Human
32%
Le principe est simple : planter des tournesols pour récolter des soleils, pour Ensuite planter des lance-pois pour décapiter ces morts-vivants. Plants vs Zombies
31%
Doom a donné son nom au genre, malgré le fait que ce jeu soit apparu avant. Tout ça à cause des Nazis. Wolfenstein
30%
Il en a eu assez d'être jeté dans le vide pas ce satané plombier, alors il a décidé de prendre les commandes. Yoshi
30%
Des vêtements faits de cheveux. Et des combos. Et des flingues. Bayonetta
29%
Le plus gros succès de la NES, pour LA plus grosse licence du jeu vidéo. Super Mario Bros
29%
Pousse-toi ! Mon Steak est en train de cramer ! Mince, au feu ! Overcooked
28%
Après le MOBA, le tactical et le jeu de cartes, c'est un jeu de tir qui voit le jour. Valorant
28%
On m'avait pourtant promis des dragons, dans ce RPG sans dragons Dragon Quest
27%
L'une des plus grosses exclusivité de la PS3. La suite, sortie 9 ans plus tard, aura raflé la quasi-totalité des prix des Game Awards 2022. The Last of us
27%
Le premier véritable carton du jeu vidéo, signé Atari Pong
26%
Q Dans la continuité de Wolfenstein et Doom, par ce cher John Romero Quake
26%
Samus et cette licence ont donné leur nom à un genre bien à la mode. Castlevania
25%
C Cartoonesque, cela va sans dire, boss Cuphead
23%
Une licence dont l'arc principal s'étend sur 13 jeux. Et sans suivre l'ordre chronologique. Kingdom Hearts
18%
Un jeu de combat ayant invité Yoda et Dark Vador dans le rooster du 4e opus. Soulcalibur
17%
Une aventure, signée Naughty Dog, entre un jeune garçon et une chimère entre une belette et une loutre. Jak and Daxter
16%
M Le premier opus de la série "The Dark Pictures Anthology". Man of Medan
16%
Un très gros chien et un petit garçon perdu dans une cité en ruines. Une pépite de poésie et de complicité. The Last Guardian
15%
G Vita vie sans te soucier de la "gravité" de tes actes. Gravity Rush
14%
Un jeu d'arcade de plateformes signé Nintendo. Même si la majorité des joueurs l'auront découvert gràce à Super Smash. Ice Climbers
14%
Belle parodie des films d'actions. Pas de problème, les "bros" Broforce
13%
Quelqu'un est-il parvenu à garder contact avec Emily ? Emily is away
13%
Post-Apocalypse sous la neige. Pour Noël, du charbon pour tout le monde. Frostpunk
13%
O Un Métroidvania indépendant, signé Moon Studio, qui aura marqué les esprits en 2015. Ori and the Blind Forest
13%
Rien de tel que quelques loups-garous pour pimenter une colonie de vacances. The Quarry
13%
Un jeu de puzzle coopératif dont le gameplay ne tient qu'à un fil. Unravel
13%
Z Rien de tel que de s'occuper de tous ces petits animaux Zoo Tycoon
13%
Le seul jeu au monde à vous permettre d'incarner .....une tranche de pain de mie. I am Bread
12%
X Une invasion extra-terrestre ! X-com
12%
H On nous a menti ! Les dinosaures n'étaient pas recouvert de plumes, mais de cartes-soeur ! Horizon Zero Dawn
11%
Un classique de la PlayStation remasterisé sur PS4 en 2019. Sir Daniel Fortesque en est ravi. MediEvil
11%
U Morale de l'histoire : Ne mangez pas votre sœur, même après être tombée d'une falaise. Until Dawn
11%
L'épée de l'Enfer, un bien joli nom pour décrire le sacrifice d'une femme pour son défunt mari. Hellblade : Senua's Sacrifice
10%
Un jeu très attendu, un lancement plus que médiocre. Heureusement que les MAJ lui auront valu de retrouver sa gloire passée. No Man's Sky
10%
Un jeu d'élevage de créatures, en ligne. Un plagiat de Nintendo ? Non, mais une sacrée bonne inspiration. Temtem
9%
Quand deux frères se bagarrent, ce n'est pas très beau à voir. Surtout quand les deux frères sont des titans. Xenoblade Chronicles
9%
Le précurseur des jeux de baston en 3D Virtua Fighter
8%
Un classique de l'arcade. Une pyramide, des marches, et beaucoup de peinture. Q*bert
7%
N Un jeu de rôle à la Donjons & Dragons. Neverwinter Nights
6%
Le seul jeu où l'on peut simuler une bataille entre Thanos et un ninja Epic Battle Simulator
4%
Un magnifique jeu de coopération avec des décors à couper le souffle. Tout cela donne envie de chanter. Journey
4%
T Officieusement le tout premier jeu vidéo de l'histoire Tennis for two
4%
Un ours et un oiseau rouge, tous deux fameux, ont engendré ce couple formé d'un caméléon et d'une chauve-souris Yooka-Laylee
4%
A quoi les vaisseaux spatiaux servent-ils ? A casser des briques, bien sûr ! Arkanoïd
2%
I Un Shoot'em up en vaisseau dont le gameplay plein de couleurs ne manque pas d'originalité. Ikaruga
2%
Le résultat d'une fusion entre Mario Kart et Little Big Planet ModNation Racers
2%
S Officiellement le tout premier jeu vidéo de l'histoire. Spacewar
2%
La fusion entre un Bubble shooter avec Snake. Zuma
2%
Un enfant de Muxxu qui aura su jeter un froid. Hammerfest
1%
Quand un jeu indépendant se permet de concurrencer les jeux AAA, dans tous les domaines techniques, on en ressort récompensé aux Game Awards. Kena : Bridge of Spirit
1%
K Que trouve-t-on à Phantomile ? Un Chat à longues oreilles totalement sous-estimé. Klonoa
1%
Ce jeu est sans fin. Pardon, je voulais dire "cent fins". Reventure
1%
V Quand des communistes décident de détruire San Francisco à l'aide de micro-ondes Vanquish
1%
L'histoire d'un jeune amnésique recherche ses souvenirs dans un monde mystérieux Xel
1%
Y Avez-vous déjà vu un facteur ? Un facteur coccinelle ? Dans un flipper ? Yoku's Island Express
1%
C'est pourtant simple : 9 personnes sont coincées sur un bateau, et ils ont 9 heures pour fouiller derrière 9 portes verrouillées pour s'en sortir. Et prosopagnosie. Zero Escape
1%
Aucun quiz correspondant
Distribution des résultats
% des personnes avec chaque résultat
Percentile par nombre de réponses
Votre historique - résultats
Vous n’avez pas pris ce quiz